000 00262nam a2200109Ia 4500
008 191206s9999 xx 000 0 und d
020 _a9.78008E+11
090 _aP90.B284
245 0 _aIntroduction to mass communication
260 _aMcGraw-Hill
260 _cc2011
999 _c16252
_d16252